|
|
|
|
| LEADER |
02023nam a2200361 a 4500 |
| 001 |
16019 |
| 003 |
BD-DhAAL |
| 008 |
100208s2007 bg b 001 0 eng d |
| 999 |
|
|
|c 7365
|d 7365
|
| 010 |
|
|
|a 2007388124
|
| 020 |
|
|
|a 9840517783
|
| 040 |
|
|
|a DLC
|c DLC
|d BD-DhAAL
|
| 082 |
0 |
0 |
|a 332
|2 22
|
| 245 |
0 |
0 |
|a Socio-economic and indebtedness-related impact of micro-credit in Bangladesh /
|c edited by Qazi Kholiquzzaman Ahmad.
|
| 246 |
3 |
|
|a Socioeconomic and indebtedness related impact of micro credit in Bangladesh
|
| 260 |
|
|
|a Dhaka :
|b University Press,
|c 2007.
|
| 300 |
|
|
|a xix, 64 pages ;
|c 22 cm.
|
| 500 |
|
|
|a "ActionAid Bangladesh ; Bangladesh Unnayan Parishad."
|
| 504 |
|
|
|a Includes bibliographical references (pages [51]-52) and index.
|
| 541 |
|
|
|a Donated By Akbar Ali Khan
|e 16019, 38045
|
| 650 |
|
0 |
|a Microfinance
|z Bangladesh.
|9 46753
|
| 650 |
|
0 |
|a Rural women
|x Economic conditions
|z Bangladesh.
|9 46754
|
| 650 |
|
0 |
|a Poverty
|z Bangladesh.
|9 46755
|
| 700 |
1 |
|
|a Ahmad, Qazi Kholiquzzaman,
|d 1943-
|9 46756
|
| 710 |
2 |
|
|a ACTIONAID Bangladesh (Organization)
|9 46757
|
| 710 |
2 |
|
|a Bangladesh Unnayan Parishad.
|9 46758
|
| 852 |
4 |
|
|a Ayesha Abed Library
|j General Stacks
|
| 942 |
|
|
|2 ddc
|c BK
|
| 952 |
|
|
|0 0
|1 0
|2 ddc
|4 0
|6 332_SOC_200700000000000
|7 0
|9 7859
|a BRACUL
|b BRACUL
|c GEN
|d 2010-02-08
|l 3
|m 10
|o 332 SOC
|p 3010016019
|r 2019-10-15
|s 2019-09-22
|t 1
|w 2010-02-08
|y BK
|
| 952 |
|
|
|0 0
|1 0
|2 ddc
|4 0
|6 332_SOC_200700000000000
|7 0
|9 7860
|a BRACUL
|b BRACUL
|c GEN
|d 2010-02-08
|l 0
|o 332 SOC
|p 3010016020
|r 2010-02-08
|t 2
|w 2010-02-08
|y BK
|
| 952 |
|
|
|0 0
|1 0
|2 ddc
|4 0
|6 332_SOC_200700000000000
|7 0
|9 7861
|a BRACUL
|b BRACUL
|c GEN
|d 2010-02-08
|l 1
|m 2
|o 332 SOC
|p 3010016017
|r 2012-10-21
|s 2012-10-03
|t 3
|w 2010-02-08
|y BK
|
| 952 |
|
|
|0 0
|1 0
|2 ddc
|4 0
|6 332_000000000000000_SOC
|7 0
|9 43997
|a IGS
|b IGS
|c GEN
|d 2014-11-07
|e University Press
|g 180.00
|l 0
|o 332 SOC
|p 3010016782
|r 2014-11-07
|t 4
|w 2014-11-07
|y BK
|
| 952 |
|
|
|0 0
|1 0
|2 ddc
|4 0
|6 332_000000000000000_SOC
|7 1
|9 70089
|a BRACUL
|b BRACUL
|c AAKC
|d 2022-03-10
|e Donated by Akbar Ali Khan
|l 0
|o 332 SOC
|p 3010038045
|r 2022-03-10
|t 5
|w 2022-03-10
|y BK
|